Countries With More People than Tokyo but Less People than Japan - Statistics

General Stats
  • This quiz has been taken 12 times
    11 since last reset
  • The average score is 17 of 22
Answer Stats
Population Country % Correct
66,746,401 France
90%
83,644,258 Germany
90%
47,850,793 Spain
90%
71,559,614 Thailand
90%
69,931,528 United Kingdom
90%
53,936,226 Colombia
80%
93,168,497 Iran
80%
58,926,166 Italy
80%
58,636,412 Kenya
80%
117,724,471 Philippines
80%
65,453,084 South Africa
80%
51,600,388 South Korea
80%
72,563,780 Tanzania
80%
87,926,082 Turkey
80%
102,177,431 Vietnam
80%
48,028,334 Algeria
70%
116,452,162 D.R. Congo
70%
120,101,175 Egypt
70%
55,184,819 Myanmar
70%
48,007,437 Iraq
60%
52,761,469 Uganda
60%
53,282,719 Sudan
50%
No matching quizzes found
Score Distribution
Percent of People with Each Score
Percentile by Number Answered
Your Score History
You have not taken this quiz since the last reset